|
|
|
|
| LEADER |
01081cam a22003131a 4500 |
| 001 |
000035291 |
| 003 |
11568 |
| 005 |
20241004100233.0 |
| 008 |
151111s2010 000 eng |
| 020 |
|
|
|a 76.000
|
| 040 |
|
|
|a lnn
|c lnn
|d lnn
|
| 041 |
|
|
|a eng
|
| 082 |
|
|
|a 428.3
|b NG-Y
|
| 100 |
|
|
|a Nguyễn Thành Yến
|
| 245 |
|
0 |
|a 1300 Mẫu Câu Tiếng Anh Thông Dụng Trong Giao Tiếp Hàng Ngày /
|c Nguyễn Thành Yến.
|
| 260 |
|
|
|a TPHCM,
|c 2010.
|
| 300 |
|
|
|a 232tr. : ;
|c 20,5cm.
|
| 650 |
|
|
|a Mẫu Câu Tiếng Anh Trong Giao Tiếp
|
| 653 |
|
|
|a Tiếng Anh Trong Giao Tiếp
|a Tiếng Anh
|
| OWN |
|
|
|a LNN
|
| AVA |
|
|
|a UDN50
|b LNN
|c English
|d 428.3NG-Y
|e available
|t Error 5001 Not defined in file expand_doc_bib_avail.
|f 2
|g 0
|h N
|i 0
|j AN
|k 1
|
| 999 |
|
|
|a From the UDN01
|
| AVA |
|
|
|a UDN50
|b LNN
|c English
|d 428.3NG-Y
|e available
|t Error 5001 Not defined in file expand_doc_bib_avail.
|f 2
|g 0
|h N
|i 0
|j AN
|k 1
|
| TYP |
|
|
|a Monograph
|
| TYP |
|
|
|a Printed language
|
| 980 |
|
|
|a Mạng thư viện Đại học Đà Nẵng
|